000 00420nab a22001457 4500
003 ES-SlBCS
005 20210327224213.0
008 171121s2017 sp ||||| |||| 00| 0 spa d
040 _aES-SlBCS
_bspa
041 _aspa
100 1 _aCosta, Marcelo Timotheo da
_9111980
245 1 0 _aThomas Merton
_cMarcelo Timotheo da Costa
773 0 _gNúm. 373, 2017, págs. 149-152
_tConcilium
_wRev134
_x0210-1041
942 _2lcc
_cAR
999 _c474329
_d474329